000 00928nam a2200205Ii 4500
003 JO-AjNU
008 230605s9999||||xx |||||||||||||| ||und||
040 _aJO-AjNU
_bara
_erda
_cJO-AjNU
041 _aara
050 1 4 _aPJ6640 .B24 2008
100 3 _aتأليف البعلبكى، منير، م.مشارك رمزي منير البعلبكي,
_eauthor
_911616
245 0 0 _aالمورد الحديث : قاموس إنكليزي - عربي حديث = Al-Mawrid Al-Hadeeth : A Modern English-Arabic Dictionary
250 _aط1
264 3 1 _aبيروت: دار العلم للملايين، 2008
300 _aمتعدد الترقيم
336 _atext
_btxt
_2rdacontent
337 _aunmediated
_bn
_2rdamedia
338 _avolume
_bnc
_2rdacarrier
650 4 _aاللغة العربية -- اللغة الإنجليزية -- معاجم -- اللغة الإنجليزية -- اللغة العربية -- معاجم
_911617
999 _aA2416
_c5984
_d5984